00833nam a2200241 a 450000100060000000300080000600500170001400800410003102000220007203500210009404000350011504100080015008200290015810000200018724500600020726000490026730000350031650400640035165000440041565100440045965100440050365100440054764479BD-RjUL20211209081320.0170215s2006 enka b 001 0 eng d a0340760400 (pbk.) a(BD-RjUL) 64609 aBD-RjULcBD-RjULdBD-RjULbeng aeng04a947.009034223bARH 20061 aArmour, Ian D.12aA history of Eastern Europe 1740-1918 /cIan D. Armour. aLondon :bHodder Arnold ;aNew York :c2006. aviii, 288 p. :bill. ;c24 cm. aIncludes bibliographical references (p. 259-278) and index. aEurope, EasternxHistoryy18th century. 0aEurope, EasternxHistoryy18th century. 0aEurope, EasternxHistoryy19th century. 0aEurope, EasternxHistoryy20th century.